The Acts of the Apostles (Record no. 36559)
[ view plain ]
| 000 -LEADER | |
|---|---|
| fixed length control field | 00632nam a2200229Ia 4500 |
| 003 - CONTROL NUMBER IDENTIFIER | |
| control field | 0100 |
| 005 - DATE AND TIME OF LATEST TRANSACTION | |
| control field | 20161220084423.0 |
| 008 - FIXED-LENGTH DATA ELEMENTS--GENERAL INFORMATION | |
| fixed length control field | 130303s9999 xx 000 0 und d |
| 020 ## - INTERNATIONAL STANDARD BOOK NUMBER | |
| International Standard Book Number | 0385009143 |
| 040 ## - CATALOGING SOURCE | |
| Transcribing agency | ARRUPELIB |
| 050 ## - LIBRARY OF CONGRESS CALL NUMBER | |
| Classification number | REF. BS192.2.A11964.G3 1967 |
| 300 ## - PHYSICAL DESCRIPTION | |
| Other physical details | 317p. 24cm. |
| 100 ## - MAIN ENTRY--PERSONAL NAME | |
| Personal name | Munck, Johannes |
| 9 (RLIN) | 28126 |
| 245 #4 - TITLE STATEMENT | |
| Title | The Acts of the Apostles |
| 260 ## - PUBLICATION, DISTRIBUTION, ETC. (IMPRINT) | |
| Place of publication, distribution, etc | New york |
| 260 ## - PUBLICATION, DISTRIBUTION, ETC. (IMPRINT) | |
| Name of publisher, distributor, etc | Doubleday & Co. |
| 300 ## - PHYSICAL DESCRIPTION | |
| Extent | xc |
| 440 ## - SERIES STATEMENT/ADDED ENTRY--TITLE | |
| Title | the anchor bible series ; v. 31 |
| 9 (RLIN) | 28127 |
| 650 ## - SUBJECT ADDED ENTRY--TOPICAL TERM | |
| Topical term or geographic name as entry element | Bible N.T. |
| General subdivision | Acts |
| -- | Commentaries |
| 9 (RLIN) | 28128 |
| 700 ## - ADDED ENTRY--PERSONAL NAME | |
| Personal name | Albright , William F. (rev.) |
| 9 (RLIN) | 28129 |
| 942 ## - ADDED ENTRY ELEMENTS (KOHA) | |
| Source of classification or shelving scheme | Library of Congress Classification |
| Koha item type | Monograph ( Printed materials) |
| Withdrawn status | Lost status | Source of classification or shelving scheme | Damaged status | Not for loan | Collection code | Home library | Current library | Shelving location | Date acquired | Total Checkouts | Full call number | Barcode | Date last seen | Copy number | Price effective from | Koha item type |
|---|---|---|---|---|---|---|---|---|---|---|---|---|---|---|---|---|
| Library of Congress Classification | Main Collection | ARRUPE LIBRARY | ARRUPE LIBRARY | Main Collection | 04/03/2013 | BS2625.3.M964 | 46003038983 | 04/03/2013 | 1 | 04/03/2013 | Monograph ( Printed materials) |